[Event "Hampstead GM 3rd"]
[Site "Hampstead ENG"]
[Date "1998.08.15"]
[Round "6"]
[White "Aagaard, Jacob"]
[Black "Kaufman, Raymond"]
[Result "1-0"]
[WhiteElo "2420"]
[BlackElo "2230"]
[PlyCount "93"]
[GameId "2129405167560999"]
[EventDate "1998.08.??"]
[EventType "tourn"]
[EventRounds "15"]
[EventCountry "ENG"]
[EventCategory "7"]
[SourceTitle "EXT 99"]
[Source "ChessBase"]
[SourceDate "1998.11.10"]
[SourceVersion "1"]
[SourceVersionDate "1998.11.10"]
[SourceQuality "1"]

1. e4 e6 2. d4 d5 3. Nd2 Nf6 4. e5 Nfd7 5. c3 c5 6. Bd3 Nc6 7. Ne2 cxd4 8. cxd4 f6 9. exf6 Nxf6 10. O-O Bd6 11. Nf3 O-O 12. Bf4 Bxf4 13. Nxf4 Ne4 14. g3 Qf6 15. h4 h6 16. Bxe4 dxe4 17. Ne5 Rd8 18. Nxc6 bxc6 19. Qc2 g5 20. Ne2 Qf3 21. Nc3 Ba6 22. Rfe1 Rxd4 23. Re3 Qf5 24. Nxe4 c5 25. Rae1 Rf8 26. hxg5 hxg5 27. g4 Qh7 28. Qxc5 Rd5 29. Qc3 Qg7 30. Qxg7+ Kxg7 31. Ra3 Bd3 32. Rxa7+ Kg6 33. Ng3 e5 34. Rc1 Rd6 35. a4 Rf4 36. a5 Rxg4 37. Rb7 e4 38. Kh2 Kf6 39. b4 Ke5 40. Rc5+ Ke6 41. Nf5 Ra6 42. b5 Rxa5 43. Rb6+ Kd7 44. Rd6+ Ke8 45. Rc8+ Kf7 46. Rc7+ Ke8 47. Re7+ 1-0

[Event "Hampstead GM 3rd"]
[Site "Hampstead ENG"]
[Date "1998.08.16"]
[Round "7"]
[White "Kaufman, Raymond"]
[Black "Hillarp Persson, Tiger"]
[Result "0-1"]
[WhiteElo "2230"]
[BlackElo "2410"]
[PlyCount "44"]
[GameId "2129405167561012"]
[EventDate "1998.08.??"]
[EventType "tourn"]
[EventRounds "15"]
[EventCountry "ENG"]
[EventCategory "7"]
[SourceTitle "EXT 99"]
[Source "ChessBase"]
[SourceDate "1998.11.10"]
[SourceVersion "1"]
[SourceVersionDate "1998.11.10"]
[SourceQuality "1"]

1. d4 Nf6 2. c4 g6 3. Nc3 Bg7 4. e4 d6 5. Nf3 O-O 6. Be2 e5 7. O-O Nc6 8. d5 Ne7 9. Nd2 a5 10. a3 Bd7 11. b3 c6 12. Rb1 b5 13. cxb5 cxd5 14. Nxd5 Nexd5 15. exd5 Bf5 16. Bb2 Bxb1 17. Qxb1 Nxd5 18. Bf3 Nf4 19. Bxa8 Qxa8 20. f3 Qd5 21. Rd1 Qc5+ 22. Kh1 Qf2 0-1

[Event "Hampstead GM 3rd"]
[Site "Hampstead ENG"]
[Date "1998.08.18"]
[Round "8"]
[White "Dearing, Eddie"]
[Black "Kaufman, Raymond"]
[Result "1-0"]
[WhiteElo "2295"]
[BlackElo "2230"]
[PlyCount "85"]
[GameId "2129405167561016"]
[EventDate "1998.08.??"]
[EventType "tourn"]
[EventRounds "15"]
[EventCountry "ENG"]
[EventCategory "7"]
[SourceTitle "EXT 99"]
[Source "ChessBase"]
[SourceDate "1998.11.10"]
[SourceVersion "1"]
[SourceVersionDate "1998.11.10"]
[SourceQuality "1"]

1. d4 Nf6 2. c4 e6 3. Nc3 Bb4 4. Qc2 O-O 5. a3 Bxc3+ 6. Qxc3 b6 7. Bg5 Bb7 8. e3 h6 9. Bh4 d6 10. f3 Nbd7 11. Bd3 c5 12. Ne2 cxd4 13. exd4 Rc8 14. Qb3 Qc7 15. Rc1 e5 16. O-O Qb8 17. Bf5 Rc7 18. Qb4 Ba6 19. Bxd7 Rxd7 20. Bxf6 gxf6 21. Qd2 Kh7 22. Qd3+ Kh8 23. Qe3 Kh7 24. Qe4+ Kh8 25. Qh4 Kh7 26. Qe4+ Kh8 27. Qh4 Kh7 28. Qxf6 Qd8 29. Qf5+ Kh8 30. Qh3 f5 31. Rfd1 e4 32. fxe4 fxe4 33. Ng3 Re7 34. Nxe4 d5 35. cxd5 Bc8 36. Qxh6+ Rh7 37. Qd6 Bd7 38. Qe5+ Rg7 39. Rf1 Re8 40. Qf6 Qxf6 41. Nxf6 Re2 42. g3 Bh3 43. Rf4 1-0

[Event "Hampstead GM 3rd"]
[Site "Hampstead ENG"]
[Date "1998.08.22"]
[Round "12"]
[White "Kaufman, Raymond"]
[Black "Ippolito, Dean"]
[Result "0-1"]
[WhiteElo "2230"]
[BlackElo "2430"]
[PlyCount "80"]
[GameId "2129405167561052"]
[EventDate "1998.08.??"]
[EventType "tourn"]
[EventRounds "15"]
[EventCountry "ENG"]
[EventCategory "7"]
[SourceTitle "EXT 99"]
[Source "ChessBase"]
[SourceDate "1998.11.10"]
[SourceVersion "1"]
[SourceVersionDate "1998.11.10"]
[SourceQuality "1"]

1. e4 c5 2. Nf3 e6 3. c3 d5 4. exd5 Qxd5 5. d4 cxd4 6. cxd4 Nf6 7. Nc3 Qd6 8. Bd3 Nc6 9. O-O Be7 10. Bg5 O-O 11. Re1 Rd8 12. Qe2 Nxd4 13. Nxd4 Qxd4 14. Rad1 Qc5 15. Bxf6 Bxf6 16. Bxh7+ Kf8 17. Ne4 Qe5 18. Nxf6 Qxf6 19. Rxd8+ Qxd8 20. Rd1 Qg5 21. Be4 e5 22. Qb5 Qe7 23. g3 Rb8 24. Qd3 Bg4 25. f3 Be6 26. Qe3 b6 27. Bd5 Rd8 28. Bb3 Rxd1+ 29. Bxd1 Bxa2 30. b3 Qc5 31. Qxc5+ bxc5 32. Kf2 a5 33. Ke3 c4 34. bxc4 Bxc4 35. f4 exf4+ 36. Kxf4 Ke7 37. Ke5 Bb5 38. h4 a4 39. g4 a3 40. Bb3 Bd7 0-1

[Event "Hampstead GM 3rd"]
[Site "Hampstead ENG"]
[Date "1998.08.10"]
[Round "14"]
[White "Kaufman, Raymond"]
[Black "Sasikiran, Krishnan"]
[Result "0-1"]
[WhiteElo "2230"]
[BlackElo "2470"]
[PlyCount "72"]
[GameId "2129405167561069"]
[EventDate "1998.08.??"]
[EventType "tourn"]
[EventRounds "15"]
[EventCountry "ENG"]
[EventCategory "7"]
[SourceTitle "EXT 99"]
[Source "ChessBase"]
[SourceDate "1998.11.10"]
[SourceVersion "1"]
[SourceVersionDate "1998.11.10"]
[SourceQuality "1"]

1. e4 e5 2. Nf3 Nc6 3. Bb5 a6 4. Ba4 Nf6 5. O-O Be7 6. Re1 b5 7. Bb3 d6 8. c3 O-O 9. h3 Bb7 10. d4 Re8 11. Nbd2 Bf8 12. a4 h6 13. d5 Nb8 14. Qe2 Nbd7 15. axb5 axb5 16. Rxa8 Qxa8 17. Qxb5 Nc5 18. Bc2 Ba6 19. Qa5 Bd3 20. Qxa8 Rxa8 21. b4 Bxc2 22. bxc5 dxc5 23. Nxe5 Re8 24. f4 Bd6 25. Bb2 Nh5 26. Rc1 Nxf4 27. Rxc2 Bxe5 28. c4 Bd6 29. Kf2 f5 30. Kf3 Nd3 31. Ke3 Ne1 32. Rc1 Nxg2+ 33. Kf2 Nf4 34. Kf3 Nd3 35. Rb1 fxe4+ 36. Nxe4 Rb8 0-1

[Event "Hampstead GM 3rd"]
[Site "Hampstead ENG"]
[Date "1998.08.10"]
[Round "15"]
[White "Burnett, Ronald"]
[Black "Kaufman, Raymond"]
[Result "1-0"]
[WhiteElo "2395"]
[BlackElo "2230"]
[PlyCount "39"]
[GameId "2129405167561071"]
[EventDate "1998.08.??"]
[EventType "tourn"]
[EventRounds "15"]
[EventCountry "ENG"]
[EventCategory "7"]
[SourceTitle "EXT 99"]
[Source "ChessBase"]
[SourceDate "1998.11.10"]
[SourceVersion "1"]
[SourceVersionDate "1998.11.10"]
[SourceQuality "1"]

1. Nf3 Nf6 2. b3 d6 3. Bb2 e5 4. d3 Nbd7 5. g3 g6 6. Bg2 Bg7 7. O-O O-O 8. Nbd2 Re8 9. e4 Nf8 10. d4 exd4 11. Nxd4 Ne6 12. c4 Nxd4 13. Bxd4 Bd7 14. Re1 Bc6 15. Qc2 Nd7 16. Bxg7 Kxg7 17. b4 b6 18. Nb3 Qf6 19. b5 Bb7 20. e5 1-0

[Event "Virginia op"]
[Site "Fredericksburg USA"]
[Date "1998.01.18"]
[Round "4"]
[White "Kaufman, Raymond"]
[Black "Van Lear, William"]
[Result "0-1"]
[WhiteElo "2095"]
[BlackElo "2000"]
[PlyCount "98"]
[GameId "2129405172096671"]
[EventDate "1998.??.??"]
[EventType "swiss"]
[EventRounds "5"]
[EventCountry "USA"]
[SourceTitle "EXT 99"]
[Source "ChessBase"]
[SourceDate "1998.11.10"]
[SourceVersion "1"]
[SourceVersionDate "1998.11.10"]
[SourceQuality "1"]

1. e4 d5 2. exd5 Qxd5 3. Nc3 Qa5 4. d4 Nf6 5. Nf3 Bf5 6. Bc4 e6 7. Bd2 c6 8. Ne5 Bb4 9. a3 Bxc3 10. Bxc3 Qc7 11. f3 Nbd7 12. Qe2 Nb6 13. Ba5 Qd6 14. g4 Bg6 15. Bxb6 axb6 16. h4 Qxd4 17. Rd1 Qf4 18. h5 Qg3+ 19. Kf1 Be4 20. Nxf7 Qxf3+ 21. Qxf3 Bxf3 22. Nxh8 Bxd1 23. h6 g5 24. Ng6 Bxg4 25. Ne5 Bf5 26. Rg1 Ra5 27. Nf3 g4 28. Nd4 Re5 29. c3 Nd5 30. Be2 Re4 31. Kf2 Nf4 32. Bf1 Kf7 33. Kg3 Kg6 34. Rh1 Nh5+ 35. Kg2 Re3 36. Bc4 Kxh6 37. Nxf5+ exf5 38. Bf7 Rg3+ 39. Kf2 Rh3 40. Rxh3 gxh3 41. Kg1 Nf4 42. Be8 Kg5 43. Bd7 Kg4 44. Bc8 Nd3 45. Bxb7 Kg3 46. Bxc6 h2+ 47. Kf1 Nf2 48. a4 f4 49. b4 f3 0-1

[Event "Virginia op"]
[Site "Fredericksburg USA"]
[Date "1998.01.18"]
[Round "5"]
[White "Kaufman, Raymond"]
[Black "Mikell, Ralph"]
[Result "1-0"]
[WhiteElo "2095"]
[BlackElo "1925"]
[PlyCount "73"]
[GameId "2129405172096676"]
[EventDate "1998.??.??"]
[EventType "swiss"]
[EventRounds "5"]
[EventCountry "USA"]
[SourceTitle "EXT 99"]
[Source "ChessBase"]
[SourceDate "1998.11.10"]
[SourceVersion "1"]
[SourceVersionDate "1998.11.10"]
[SourceQuality "1"]

1. c4 Nf6 2. Nc3 g6 3. e4 d6 4. d4 Bg7 5. Nf3 O-O 6. Be2 Nbd7 7. O-O e5 8. Re1 exd4 9. Nxd4 Re8 10. Bf1 Nc5 11. f3 Bd7 12. Bg5 h6 13. Be3 Kh7 14. Qd2 Na4 15. Nxa4 Bxa4 16. b3 Bd7 17. Rad1 a5 18. a4 Re7 19. Nb5 Be6 20. e5 Ne8 21. exd6 cxd6 22. Qf2 Rd7 23. Bd4 d5 24. c5 Rc8 25. Bd3 Qe7 26. f4 Bxd4 27. Nxd4 Qf6 28. Re2 Ng7 29. Rde1 Nf5 30. Nxe6 fxe6 31. Rxe6 Qf8 32. g4 Ne7 33. Qe3 Rcc7 34. f5 gxf5 35. gxf5 Nxf5 36. Bxf5+ Qxf5 37. Qxh6+ 1-0

[Event "Hampstead GM 3rd"]
[Site "Hampstead"]
[Date "1998.08.10"]
[Round "1"]
[White "Kaufman, Raymond"]
[Black "Kaufman, Larry C"]
[Result "0-1"]
[WhiteElo "2230"]
[BlackElo "2400"]
[PlyCount "46"]
[GameId "1166641225273344"]
[EventDate "1998.08.??"]
[EventType "tourn"]
[EventRounds "15"]
[EventCountry "ENG"]
[EventCategory "7"]
[SourceTitle "EXT 1999"]
[Source "ChessBase"]
[SourceDate "1998.11.10"]
[SourceVersion "1"]
[SourceVersionDate "1998.11.10"]
[SourceQuality "1"]

1. d4 Nf6 2. c4 c5 3. d5 b5 4. Nd2 bxc4 5. e4 c3 6. bxc3 d6 7. f4 g6 8. c4 Bg7 9. Bb2 O-O 10. Ngf3 Na6 11. Bd3 Rb8 12. Bc3 Nb4 13. Bb1 Ng4 14. Bxg7 Kxg7 15. Qb3 e6 16. a3 Qf6 17. e5 dxe5 18. axb4 exf4 19. Rxa7 Rxb4 20. Qd3 exd5 21. Qxd5 Rxb1+ 22. Nxb1 Re8+ 23. Kd2 Qb2+ 0-1

[Event "Hampstead GM 3rd"]
[Site "Hampstead"]
[Date "1998.08.19"]
[Round "9"]
[White "Kaufman, Raymond"]
[Black "McDonald, Neil R"]
[Result "1/2-1/2"]
[WhiteElo "2230"]
[BlackElo "2490"]
[PlyCount "112"]
[GameId "1166641225527296"]
[EventDate "1998.08.??"]
[EventType "tourn"]
[EventRounds "15"]
[EventCountry "ENG"]
[EventCategory "7"]
[SourceTitle "EXT 1999"]
[Source "ChessBase"]
[SourceDate "1998.11.10"]
[SourceVersion "1"]
[SourceVersionDate "1998.11.10"]
[SourceQuality "1"]

1. e4 c5 2. Nf3 Nc6 3. Bb5 d6 4. O-O Bd7 5. c3 a6 6. Be2 Nf6 7. d3 g6 8. Nbd2 Bg7 9. a4 O-O 10. Nc4 b5 11. axb5 axb5 12. Rxa8 Qxa8 13. Nb6 Qb7 14. Nxd7 Nxd7 15. d4 Rc8 16. Be3 Na5 17. dxc5 dxc5 18. Qd5 Qxd5 19. exd5 Nf6 20. Rd1 c4 21. d6 exd6 22. Rxd6 Nc6 23. Nd4 Nxd4 24. Bxd4 Ne4 25. Rd5 Ra8 26. Bxg7 Kxg7 27. f3 Ra1+ 28. Rd1 Rxd1+ 29. Bxd1 Nc5 30. Bc2 Kf6 31. Kf2 Ke5 32. Ke3 h5 33. h4 f5 34. f4+ Kd5 35. g3 Nb7 36. Bd1 Nd6 37. Bf3+ Kc5 38. Bg2 Nc8 39. Bf3 Nb6 40. Kd2 Kd6 41. Bg2 Na4 42. Kc2 Nc5 43. Kd2 Ne4+ 44. Ke3 Nxg3 45. Bb7 Kc5 46. Kf3 Nf1 47. Ke2 Nh2 48. Bc8 Ng4 49. Bd7 Nf6 50. Be6 b4 51. cxb4+ Kxb4 52. Ke3 Kc5 53. Bf7 Nd5+ 54. Kf3 Ne7 55. Ke3 Nd5+ 56. Kf3 Ne7 1/2-1/2

[Event "Northern Virginia op"]
[Site "Mt Vernon"]
[Date "1998.11.07"]
[Round "4"]
[White "Inocencio, Edgarlino S"]
[Black "Kaufman, Raymond"]
[Result "0-1"]
[WhiteElo "2120"]
[BlackElo "2230"]
[PlyCount "80"]
[GameId "1166641388920832"]
[EventDate "1998.11.??"]
[EventType "swiss"]
[EventRounds "6"]
[EventCountry "USA"]
[SourceTitle "EXT 2000"]
[Source "ChessBase"]
[SourceDate "1999.11.18"]
[SourceVersion "1"]
[SourceVersionDate "1999.11.18"]
[SourceQuality "1"]

1. d4 d5 2. c4 e6 3. Nf3 Nf6 4. Nc3 Be7 5. Bg5 O-O 6. e3 h6 7. Bh4 b6 8. Be2 Bb7 9. Bxf6 Bxf6 10. cxd5 exd5 11. b4 c5 12. bxc5 bxc5 13. Qb3 Bc6 14. O-O c4 15. Qc2 Re8 16. Rad1 Nd7 17. Rfe1 Qa5 18. Bf1 Rab8 19. g3 Nc5 20. Nd2 Na4 21. Ndb1 Be7 22. e4 Bb4 23. exd5 Rxe1 24. Rxe1 Bxd5 25. Re3 Bxc3 26. Nxc3 Nxc3 27. Rxc3 Be4 28. Qd2 Rb1 29. Qe3 Bd3 30. Rc1 Rxc1 31. Qxc1 Bxf1 32. Kxf1 Qxa2 33. d5 Qb3 34. Ke1 Qd3 35. Qd2 Qxd2+ 36. Kxd2 Kf8 37. Kc3 Ke7 38. Kxc4 Kd6 39. f4 f5 40. h3 h5 0-1

[Event "Best Western Classic op"]
[Site "Mt Vernon"]
[Date "1999.02.20"]
[Round "3"]
[White "Kaufman, Raymond"]
[Black "Meyer, Eugene B"]
[Result "0-1"]
[WhiteElo "2140"]
[BlackElo "2457"]
[PlyCount "67"]
[GameId "1166641793597440"]
[EventDate "1999.02.??"]
[EventType "swiss"]
[EventRounds "5"]
[EventCountry "USA"]
[SourceTitle "EXT 2002"]
[Source "ChessBase"]
[SourceDate "2001.11.25"]
[SourceVersion "1"]
[SourceVersionDate "2001.11.25"]
[SourceQuality "1"]

1. d4 Nf6 2. c4 g6 3. Nc3 Bg7 4. e4 d6 5. Be2 O-O 6. Nf3 e5 7. O-O Na6 8. Be3 Ng4 9. Bg5 Qe8 10. dxe5 Nxe5 11. Nd4 Nc6 12. Ndb5 Bd7 13. Qd2 Rc8 14. f3 f6 15. Be3 Nc5 16. Rad1 b6 17. Nd5 Ne6 18. f4 a6 19. Ndxc7 Nxc7 20. Nxd6 Qe7 21. Nxc8 Bxc8 22. Bxb6 Rd8 23. Qe3 Re8 24. Bf3 Bh6 25. e5 Nxe5 26. Bd5+ Nxd5 27. cxd5 Bd7 28. Qc3 Rc8 29. Qb3 Nc4 30. Rde1 Qd6 31. Bd4 Bxf4 32. g3 Nd2 33. Qd3 Bb5 34. Qa3 0-1

[Event "Foxwoods op 01st"]
[Site "Mashantucket"]
[Date "1999.04.03"]
[Round "5"]
[White "Bauer, Richard N"]
[Black "Kaufman, Raymond"]
[Result "1-0"]
[WhiteElo "2311"]
[BlackElo "2152"]
[PlyCount "59"]
[GameId "1166641860128768"]
[EventDate "1999.04.??"]
[EventType "swiss"]
[EventRounds "7"]
[EventCountry "USA"]
[SourceTitle "EXT 2000"]
[Source "ChessBase"]
[SourceDate "1999.11.18"]
[SourceVersion "1"]
[SourceVersionDate "1999.11.18"]
[SourceQuality "1"]

1. e4 e5 2. Nf3 Nc6 3. Nc3 Nf6 4. d4 exd4 5. Nxd4 Bb4 6. Nxc6 bxc6 7. Bd3 d5 8. exd5 cxd5 9. O-O O-O 10. Bg5 c6 11. Na4 Be6 12. c3 Be7 13. Bc2 Qd7 14. Qd3 g6 15. Qd4 Ng4 16. Bxe7 Qxe7 17. Rae1 Qd6 18. f4 Rfe8 19. Nc5 Bf5 20. Bxf5 gxf5 21. h3 Nh6 22. b4 f6 23. Re3 Nf7 24. Rfe1 Rxe3 25. Rxe3 Nd8 26. Re8+ Kf7 27. Qe3 a5 28. Rh8 Kg7 29. Qe8 Nf7 30. Rg8+ 1-0

[Event "Arlington CC-ch"]
[Site "Arlington"]
[Date "1999.05.22"]
[Round "1"]
[White "Shibut, Macon A"]
[Black "Kaufman, Raymond"]
[Result "1/2-1/2"]
[WhiteElo "2284"]
[BlackElo "2140"]
[PlyCount "88"]
[GameId "1166641930440704"]
[EventDate "1999.05.22"]
[EventType "swiss"]
[EventRounds "4"]
[EventCountry "USA"]
[SourceTitle "EXT 2001"]
[Source "ChessBase"]
[SourceDate "2000.11.22"]
[SourceVersion "1"]
[SourceVersionDate "2000.11.22"]
[SourceQuality "1"]

1. e4 e5 2. Nf3 Nc6 3. Bb5 a6 4. Ba4 Nf6 5. d3 b5 6. Bb3 Bc5 7. c3 O-O 8. Nbd2 d6 9. a4 Bb7 10. h3 Qd7 11. Nf1 d5 12. Qe2 Rad8 13. axb5 axb5 14. Ng3 b4 15. Bg5 dxe4 16. dxe4 bxc3 17. Rd1 cxb2 18. O-O Ba6 19. Qxb2 Nd4 20. Bxf6 gxf6 21. Nf5 Bxf1 22. N3xd4 exd4 23. Qc1 Rfe8 24. Qxc5 Qb5 25. Qc1 Rxe4 26. Nh6+ Kg7 27. Nxf7 Qxb3 28. Nxd8 Bc4 29. Nc6 d3 30. Na5 Qc2 31. Nxc4 Rxc4 32. Qxc2 dxc2 33. Rc1 f5 34. Kf1 Kf6 35. Ke2 Ke5 36. Kd3 Kd5 37. g3 c6 38. f3 h5 39. Rxc2 Rxc2 40. Kxc2 Kd4 41. Kd2 c5 42. g4 fxg4 43. fxg4 hxg4 44. hxg4 Ke4 1/2-1/2

[Event "Olomouc Valoz Cup"]
[Site "Olomouc"]
[Date "1999.08.06"]
[Round "1"]
[White "Kaufman, Raymond"]
[Black "Pisk, Petr"]
[Result "0-1"]
[WhiteElo "2145"]
[BlackElo "2419"]
[PlyCount "42"]
[GameId "1166642033680384"]
[EventDate "1999.08.06"]
[EventType "tourn"]
[EventRounds "11"]
[EventCountry "CZE"]
[EventCategory "4"]
[SourceTitle "CBM 071 Extra"]
[Source "ChessBase"]
[SourceDate "1999.09.14"]
[SourceVersion "1"]
[SourceVersionDate "1999.09.14"]
[SourceQuality "1"]

1. d4 d5 2. c4 e6 3. Nc3 c5 4. cxd5 cxd4 5. Qa4+ Bd7 6. Qxd4 exd5 7. Nxd5 Nc6 8. Qd1 Nf6 9. Nf3 Bc5 10. e3 Nxd5 11. Qxd5 Qe7 12. Bb5 O-O-O 13. O-O Rhg8 14. a3 g5 15. b4 Bd6 16. Bb2 g4 17. Nd4 Rg5 18. Qc4 Bxh2+ 19. Kxh2 Rh5+ 20. Kg1 Qh4 21. f3 g3 0-1

[Event "Olomouc Valoz Cup"]
[Site "Olomouc"]
[Date "1999.08.07"]
[Round "2"]
[White "Kozak, Milos"]
[Black "Kaufman, Raymond"]
[Result "0-1"]
[WhiteElo "2244"]
[BlackElo "2145"]
[PlyCount "44"]
[GameId "1166642033717248"]
[EventDate "1999.08.06"]
[EventType "tourn"]
[EventRounds "11"]
[EventCountry "CZE"]
[EventCategory "4"]
[SourceTitle "CBM 071 Extra"]
[Source "ChessBase"]
[SourceDate "1999.09.14"]
[SourceVersion "1"]
[SourceVersionDate "1999.09.14"]
[SourceQuality "1"]

1. d4 Nf6 2. Nf3 g6 3. c4 Bg7 4. Nc3 d5 5. cxd5 Nxd5 6. e4 Nxc3 7. bxc3 c5 8. Rb1 O-O 9. Be2 cxd4 10. cxd4 Qa5+ 11. Bd2 Qxa2 12. O-O Bg4 13. Bg5 h6 14. Bh4 Nc6 15. d5 Rfd8 16. Rxb7 g5 17. Bg3 f5 18. Rc7 fxe4 19. Rxc6 exf3 20. Bc4 Qa3 21. Re1 Kh8 22. Re3 Qxe3 0-1

[Event "Olomouc Valoz Cup"]
[Site "Olomouc"]
[Date "1999.08.10"]
[Round "5"]
[White "Lemmers, Oscar"]
[Black "Kaufman, Raymond"]
[Result "1-0"]
[WhiteElo "2406"]
[BlackElo "2145"]
[PlyCount "55"]
[GameId "1166642033790976"]
[EventDate "1999.08.06"]
[EventType "tourn"]
[EventRounds "11"]
[EventCountry "CZE"]
[EventCategory "4"]
[SourceTitle "CBM 071 Extra"]
[Source "ChessBase"]
[SourceDate "1999.09.14"]
[SourceVersion "1"]
[SourceVersionDate "1999.09.14"]
[SourceQuality "1"]

1. e4 c5 2. c3 d5 3. exd5 Qxd5 4. d4 Nf6 5. Nf3 Bg4 6. dxc5 Qxd1+ 7. Kxd1 e5 8. b4 e4 9. h3 Bh5 10. g4 Nxg4 11. hxg4 Bxg4 12. Nbd2 exf3 13. Bd3 Nc6 14. Re1+ Be7 15. Be4 Rd8 16. Kc2 Rd7 17. Nxf3 f5 18. Bxc6 bxc6 19. Ne5 Rc7 20. Bf4 Rc8 21. Nxg4 fxg4 22. Bd6 O-O 23. Rxe7 Rxf2+ 24. Kb3 h5 25. Rh1 g6 26. Rhe1 Rcf8 27. R1e6 R8f6 28. Re8+ 1-0

[Event "Olomouc Valoz Cup"]
[Site "Olomouc"]
[Date "1999.08.11"]
[Round "6"]
[White "Kaufman, Raymond"]
[Black "Salai, Ladislav"]
[Result "0-1"]
[WhiteElo "2145"]
[BlackElo "2409"]
[PlyCount "148"]
[GameId "1166642033811456"]
[EventDate "1999.08.06"]
[EventType "tourn"]
[EventRounds "11"]
[EventCountry "CZE"]
[EventCategory "4"]
[SourceTitle "CBM 071 Extra"]
[Source "ChessBase"]
[SourceDate "1999.09.14"]
[SourceVersion "1"]
[SourceVersionDate "1999.09.14"]
[SourceQuality "1"]

1. d4 d5 2. c4 dxc4 3. Nf3 a6 4. e3 Nf6 5. Bxc4 e6 6. O-O c5 7. dxc5 Bxc5 8. Qxd8+ Kxd8 9. Nbd2 Ke7 10. Nb3 Bd6 11. Rd1 Nc6 12. Bd2 b5 13. Be2 Bb7 14. Rac1 Ne4 15. Be1 Rhc8 16. Nfd4 Nxd4 17. Nxd4 Rxc1 18. Rxc1 Rc8 19. Rxc8 Bxc8 20. f3 Nc5 21. Bb4 Na4 22. b3 Bxb4 23. bxa4 Bd2 24. Nc6+ Kd6 25. axb5 Bxe3+ 26. Kf1 axb5 27. Nd8 Bd7 28. Nxf7+ Kd5 29. h4 h6 30. Bd1 Bb6 31. Ke2 Kd4 32. Nd6 b4 33. Bb3 Bd8 34. g3 Be7 35. Ne4 g5 36. hxg5 hxg5 37. g4 Ke5 38. Ke3 Bd8 39. Kd3 Bb5+ 40. Bc4 Bc6 41. Ke3 Ba4 42. Ke2 Be7 43. Ke3 Bd7 44. Kd3 Kf4 45. Ke2 Bc8 46. Kf2 Bd8 47. Ke2 Bb6 48. Nd6 Bd7 49. Ne4 Ba7 50. Nf6 Bc6 51. Ne4 e5 52. Nd2 Bd4 53. Ne4 Bxe4 54. fxe4 Kxg4 55. Kf1 Kf3 56. Bd3 Bc3 57. Bc2 g4 58. Bd1+ Kf4 59. Kg2 g3 60. Bc2 Be1 61. Bb1 Ke3 62. Bc2 Bf2 63. Kf1 Kf3 64. Bd1+ Kxe4 65. Ke2 Bb6 66. Ba4 Kf4 67. Kf1 e4 68. Kg2 Bc7 69. Bc6 Ke3 70. Bb7 Kd3 71. Kf1 Be5 72. Bc6 e3 73. Bb5+ Kd2 74. Bc4 g2+ 0-1

[Event "Olomouc Valoz Cup"]
[Site "Olomouc"]
[Date "1999.08.12"]
[Round "7"]
[White "Kernazhitsky, Leonid"]
[Black "Kaufman, Raymond"]
[Result "1-0"]
[WhiteElo "2438"]
[BlackElo "2145"]
[PlyCount "79"]
[GameId "1166642033836032"]
[EventDate "1999.08.06"]
[EventType "tourn"]
[EventRounds "11"]
[EventCountry "CZE"]
[EventCategory "4"]
[SourceTitle "CBM 071 Extra"]
[Source "ChessBase"]
[SourceDate "1999.09.14"]
[SourceVersion "1"]
[SourceVersionDate "1999.09.14"]
[SourceQuality "1"]

1. e4 c5 2. Nf3 d6 3. c3 Nf6 4. Be2 Nbd7 5. d3 g6 6. O-O Bg7 7. Re1 O-O 8. Bf1 b6 9. d4 e6 10. Bf4 Ne8 11. Na3 Bb7 12. Qd2 Ndf6 13. Bd3 Nh5 14. Bg5 f6 15. Be3 f5 16. Bg5 Qd7 17. exf5 gxf5 18. Qe2 Nc7 19. Nb5 Rfe8 20. Nxc7 Qxc7 21. Bc4 d5 22. Bb5 Bc6 23. Bxc6 Qxc6 24. Ne5 Bxe5 25. Qxe5 Rac8 26. dxc5 Qxc5 27. Rad1 Qf8 28. h4 Rc4 29. Rxd5 h6 30. Bc1 Rxh4 31. Rd6 Ng7 32. g3 Rh5 33. Bf4 Qf7 34. Kg2 Rc8 35. Red1 Rc5 36. Rd8+ Kh7 37. R1d7 Qg6 38. Qb8 Qg4 39. Rh8+ Kg6 40. Rxg7+ 1-0

[Event "Olomouc Valoz Cup"]
[Site "Olomouc"]
[Date "1999.08.13"]
[Round "8"]
[White "Kaufman, Raymond"]
[Black "Balenovic, Zvonimir"]
[Result "1-0"]
[WhiteElo "2145"]
[BlackElo "2288"]
[PlyCount "85"]
[GameId "1166642033856512"]
[EventDate "1999.08.06"]
[EventType "tourn"]
[EventRounds "11"]
[EventCountry "CZE"]
[EventCategory "4"]
[SourceTitle "CBM 071 Extra"]
[Source "ChessBase"]
[SourceDate "1999.09.14"]
[SourceVersion "1"]
[SourceVersionDate "1999.09.14"]
[SourceQuality "1"]

1. Nf3 Nf6 2. d4 g6 3. c4 Bg7 4. Nc3 d5 5. cxd5 Nxd5 6. e4 Nxc3 7. bxc3 c5 8. Rb1 O-O 9. Be2 cxd4 10. cxd4 Qa5+ 11. Qd2 Qxd2+ 12. Bxd2 Nc6 13. d5 Nb8 14. O-O b6 15. a4 Ba6 16. Bb5 Bxb5 17. axb5 Nd7 18. Bb4 Nc5 19. Nd2 Rfe8 20. Bxc5 bxc5 21. Rfc1 Rec8 22. Nb3 c4 23. Na5 c3 24. Nc6 Kf8 25. f4 Ke8 26. e5 f6 27. Kf2 fxe5 28. fxe5 e6 29. d6 a6 30. Rxc3 axb5 31. Rxb5 Ra6 32. Rb7 Rcxc6 33. Rxc6 Rxc6 34. Rxg7 Rc5 35. Re7+ Kd8 36. Rxe6 Rd5 37. Re7 h6 38. Ke3 h5 39. Ke4 Rd2 40. Rg7 Rxg2 41. e6 Re2+ 42. Kd5 Kc8 43. Rg8+ 1-0

[Event "Olomouc Valoz Cup"]
[Site "Olomouc"]
[Date "1999.08.14"]
[Round "9"]
[White "Chytilek, Roman"]
[Black "Kaufman, Raymond"]
[Result "1/2-1/2"]
[WhiteElo "2397"]
[BlackElo "2145"]
[PlyCount "53"]
[GameId "1166642033885184"]
[EventDate "1999.08.06"]
[EventType "tourn"]
[EventRounds "11"]
[EventCountry "CZE"]
[EventCategory "4"]
[SourceTitle "CBM 071 Extra"]
[Source "ChessBase"]
[SourceDate "1999.09.14"]
[SourceVersion "1"]
[SourceVersionDate "1999.09.14"]
[SourceQuality "1"]

1. e4 c6 2. d4 d5 3. Nc3 dxe4 4. Nxe4 Bf5 5. Ng3 Bg6 6. h4 h6 7. Nf3 Nf6 8. Ne5 Bh7 9. Bc4 e6 10. Qe2 Nd5 11. c3 Nd7 12. Nxd7 Qxd7 13. Ne4 O-O-O 14. O-O Be7 15. h5 Rhe8 16. a4 Qc7 17. Nd2 Kb8 18. Nf3 Bf6 19. Re1 Nf4 20. Qe3 Nd5 21. Qe2 Nf4 22. Bxf4 Qxf4 23. Ne5 Bxe5 24. Qxe5+ Qxe5 25. Rxe5 Kc7 26. Rae1 Kd6 27. f3 1/2-1/2